000 00988nam a2200253Ia 4500
003 OSt
005 20221005104038.0
006 a|||||r|||| 00| 0
007 ta
008 221004b |||||||| |||| 00| 0 hin d
024 _a32840
037 _cTextual
040 _aCRL
_cCRL
_bhin
041 _2hin
_ahin
082 _aP15,Cx1,1,2,1,1, M7; .1-.6
100 _aपतंजलि
245 0 _aपाणिनीय व्याकरणमहाभाष्यम्
246 _aPāṇinīya vyākaraṇamahābhāṣhyam
260 _aदिल्ली
_bचौखम्बा संस्कृत प्रतिष्ठान भारत
_c1987
490 _vखण्ड-1
_aव्रजजीवन प्राच्यभारती ग्रन्थमाला; 23
650 _aसंस्कृत साहित्य
942 _hP15,Cx1,1,2,1,1, M7; .1-.6
_cTEXL
_2cc
999 _c1011576
_d1011576